000 00229nam a22000977a 4500
082 _a891.4393
_bWAQ
245 _aوقت وقت کی بات ہے
300 _a286p.
526 _a0
_b0
_c0
_d891_439300000000000_WAQ
942 _2ddc
_cBK
999 _c550469
_d550469